[Event "PEP 2017"]
[Site "Belgrade SRB"]
[Date "2017.03.07"]
[Round "8"]
[White "Bogosavljevic,B"]
[Black "Draskovic,L"]
[Result "0-1"]
[WhiteElo "2525"]
[BlackElo "2458"]

1.Nf3 Nf6 2.c4 g6 3.g3 Bg7 4.Bg2 O-O 5.O-O d6 6.d4 Nc6 7.Nc3 Bf5 8.d5 Na5
9.Nd4 Bd7 10.Qd3 c5 11.Nc2 a6 12.Rb1 b5 13.b3 Rb8 14.Bd2 Qc7 15.e4 Ng4 16.f4
bxc4 17.bxc4 Bd4+ 18.Nxd4 cxd4 19.Qxd4 Nxc4 20.Rxb8 Rxb8 21.Bc1 Rc8 22.Nd1 f5
23.exf5 gxf5 24.Re1 Kf7 25.h3 Nf6 26.Kh2 Qa5 27.Re2 Qc5 28.Qd3 Nb6 29.Bb2
Nbxd5 30.Re1 Qc4 31.Qd2 Ne4 32.Rxe4 fxe4 33.f5 Rg8 34.Qh6 Qd3 35.Qh5+ Kf8
36.Qh6+ Ke8 37.g4 Qxd1 38.Qxh7 Rf8 39.Bg7 Nf6 40.Qh6 Rg8 41.Qg6+ Kd8 42.g5 Be8
43.Qh6 Qh5 44.gxf6 Qxh6 45.Bxh6 d5 46.Bg7 Kd7 47.Bf1 Bf7 48.h4 d4 49.h5 Bxh5
50.Bc4 Rb8 51.Be6+ Kd6 52.fxe7 d3 53.Bf8 Be8 54.Bf7 d2 55.Bh5 Kd5 56.Be2 Rb1
{#R} 0-1

[Event "PEP 2017"]
[Site "Belgrade SRB"]
[Date "2017.03.07"]
[Round "8"]
[White "Potpara,N"]
[Black "Radovanovic,Mihajlo"]
[Result "1-0"]
[WhiteElo "2379"]
[BlackElo "2376"]

1.c4 Nf6 2.d4 c5 3.d5 b5 4.cxb5 a6 5.b6 d6 6.Nc3 g6 7.Nf3 Bg7 8.a4 Qxb6 9.a5
Qa7 10.Nd2 Nbd7 11.Nc4 O-O 12.e4 Rb8 13.Be2 Ne8 14.O-O Nc7 15.Na4 Nb5 16.Nab6
Nxb6 17.Nxb6 Nd4 18.Bc4 Bd7 19.Bd2 Bb5 20.Bc3 Bxc4 21.Nxc4 Qd7 22.Qd3 Rb3
23.Rfe1 Qb5 24.Rac1 Rb8 25.Qf1 Bh6 26.Rb1 Nc2 27.Red1 Bg7 28.e5 dxe5 29.Nxe5
Qxf1+ 30.Kxf1 Rxc3 31.bxc3 Bxe5 32.Rxb8+ Bxb8 33.Rb1 Bd6 34.Rb6 Na3 35.Rxa6
Nb5 36.c4 Nc7 37.Rc6 Kg7 38.a6 Nxa6 39.Rxa6 h5 40.g3 Kf6 41.Ke2 Ke5 42.Ke3 Kf5
43.h3 Kg5 44.Ra8 Kf6 45.Ke4 Kg7 46.g4 hxg4 47.hxg4 Kf6 48.f3 Kg5 49.Rf8 f6
50.Rg8 Bg3 51.Rg7 Bd6 52.Rf7 Kh4 53.Rg7 Kg5 54.f4+ Bxf4 55.Rxe7 Kxg4 56.Re6
f5+ 57.Kd3 g5 58.d6 Kf3 59.d7 Bc7 60.Rc6 Bd8 61.Rxc5 f4 62.Rc8 Bf6 63.d8=Q
Bxd8 64.Rxd8 g4 65.c5 g3 66.c6 g2 67.Rg8 {#r} 1-0

[Event "PEP 2017"]
[Site "Belgrade SRB"]
[Date "2017.03.07"]
[Round "8"]
[White "Velikic,A"]
[Black "Damljanovic,B"]
[Result "0-1"]
[WhiteElo "2194"]
[BlackElo "2548"]

1.e4 c5 2.Nf3 d6 3.d4 cxd4 4.Nxd4 Nf6 5.Nc3 a6 6.h3 e6 7.g4 b5 8.Bg2 Bb7 9.a3
Nfd7 10.O-O Be7 11.f4 Nc6 12.Be3 Rc8 13.Nde2 O-O 14.g5 Re8 15.Qe1 b4 16.axb4
Nxb4 17.Qd2 Bf8 18.Rfd1 Qc7 19.Bf2 Qb8 20.Nd4 Ba8 21.h4 Nc5 22.Nde2 d5 23.e5
Ne4 24.Bxe4 dxe4 25.Nd4 Red8 26.Be3 Rc4 27.Qe2 Rdc8 28.Ra4 Rxc3 29.bxc3 Nd5
30.Bd2 e3 31.Be1 Nxf4 32.Qxa6 Ng6 33.Bg3 Ne7 34.Qb5 Qc7 35.c4 Rb8 36.Qa6 Bb7
37.Qa5 Qc8 38.Qc3 Nf5 39.Nxf5 Qc6 40.Nxe3 Bc5 {#R} 0-1

[Event "72nd ch-AZE 2017"]
[Site "Baku AZE"]
[Date "2017.03.07"]
[Round "1.1"]
[White "Abasov,N"]
[Black "Muradli,Mahammad"]
[Result "1-0"]
[WhiteElo "2583"]
[BlackElo "2331"]

1.e4 Nf6 2.e5 Nd5 3.d4 d6 4.Nf3 g6 5.Bc4 Nb6 6.Bb3 Bg7 7.Qe2 d5 8.h3 h6 9.c3
Be6 10.Be3 Nc6 11.Nbd2 Qd7 12.O-O O-O-O 13.Ne1 f6 14.Nd3 Qe8 15.Nc5 Bg8 16.f4
g5 17.e6 gxf4 18.Bxf4 h5 19.a4 a5 20.Bc2 Bh7 21.Bxh7 Rxh7 22.b4 Bh6 23.Bxh6
Rxh6 24.bxa5 Nxa5 25.Qb5 Nac4 26.Nxc4 dxc4 27.Qb2 Qc6 28.a5 Na8 29.Rfb1 Rd5
30.Nxb7 {#r} 1-0

[Event "72nd ch-AZE 2017"]
[Site "Baku AZE"]
[Date "2017.03.07"]
[Round "1.2"]
[White "Zeynalov,F"]
[Black "Rasulov,Vu"]
[Result "0-1"]
[WhiteElo "2317"]
[BlackElo "2506"]

1.d4 Nf6 2.Bg5 c5 3.Bxf6 gxf6 4.d5 Qb6 5.Qc1 Bh6 6.e3 f5 7.Na3 d6 8.Nc4 Qc7
9.a4 Nd7 10.Ne2 Nf6 11.Nc3 O-O 12.Qd1 Bg7 13.Qf3 Rd8 14.Rd1 Bd7 15.h3 e6 16.g4
Nxd5 17.Nb5 Bxb5 18.axb5 f4 19.exf4 a6 20.bxa6 b5 21.Ne3 Nxe3 22.fxe3 Rxa6
23.c3 Ra2 24.f5 Be5 25.Rb1 c4 26.Bg2 Rxb2 27.Rxb2 Bxc3+ 28.Rd2 d5 29.Rf1 Bxd2+
30.Kxd2 Qa5+ 31.Ke2 Qa2+ 32.Ke1 c3 33.Qe2 Ra8 34.fxe6 fxe6 35.Bf3 b4 36.g5
Qxe2+ 37.Kxe2 Ra2+ 38.Ke1 Ra1+ 39.Bd1 c2 40.Kd2 {#R} 0-1

[Event "72nd ch-AZE 2017"]
[Site "Baku AZE"]
[Date "2017.03.07"]
[Round "1.3"]
[White "Iskandarov,M"]
[Black "Gadimbayli,Abdulla"]
[Result "1-0"]
[WhiteElo "2426"]
[BlackElo "2315"]

1.c4 e5 2.Nc3 Nf6 3.Nf3 Nc6 4.e3 d5 5.cxd5 Nxd5 6.Bb5 Nxc3 7.bxc3 Bd6 8.d4 Bd7
9.Rb1 O-O 10.Be2 Rb8 11.Qc2 Qe7 12.O-O Rfe8 13.d5 Na5 14.e4 b6 15.Rd1 Rf8
16.Nd2 Qe8 17.Re1 Kh8 18.Bd3 f6 19.Qd1 Qf7 20.Qe2 Rbe8 21.Nb3 Nb7 22.Be3 f5
23.f3 f4 24.Bf2 g5 25.Ba6 Nd8 26.c4 g4 27.c5 bxc5 28.fxg4 Rg8 29.h3 h5 30.Nxc5
hxg4 31.Nxd7 gxh3 32.Rb3 Rxg2+ 33.Kh1 Qxd7 34.Qh5+ Kg8 35.Rxh3 Rg7 36.Qh8+ Kf7
37.Qxg7+ Kxg7 38.Rg1+ {#r} 1-0

[Event "72nd ch-AZE 2017"]
[Site "Baku AZE"]
[Date "2017.03.07"]
[Round "1.4"]
[White "Idrisov,T"]
[Black "Guliev,Sarh"]
[Result "1-0"]
[WhiteElo "2315"]
[BlackElo "2403"]

1.d4 d5 2.c4 e6 3.Nc3 Nf6 4.Nf3 c5 5.cxd5 exd5 6.g3 Nc6 7.Bg2 cxd4 8.Nxd4 Be7
9.O-O O-O 10.Be3 Bg4 11.Re1 Qd7 12.Rc1 Bh3 13.Bh1 Rfe8 14.Nxc6 bxc6 15.Bd4 Ng4
16.Qa4 Qe6 17.Nd1 Rac8 18.b4 Bg5 19.e3 Bf6 20.Bxf6 Qxf6 21.f3 Ne5 22.Nf2 Bd7
23.Qd1 Qe7 24.Qd4 Rb8 25.a3 Nc4 26.Rc3 a5 27.bxa5 Nxa3 28.Qd3 Qb4 29.Rec1 Nb5
30.R3c2 Qxa5 31.e4 d4 32.f4 Qa3 33.Qxa3 Nxa3 34.Rd2 Nb5 35.e5 f6 36.exf6 Nc3
37.Bf3 c5 38.fxg7 Re3 39.Kg2 Kxg7 40.Nd3 Rc8 41.Ne5 Bb5 42.Ra1 Rc7 43.g4 Be2
44.Ba8 d3 45.Kf2 Rh3 46.g5 c4 47.f5 Bh5 48.f6+ Kf8 49.Bg2 Rxh2 50.Ra8+ Be8
51.Kg1 Rh5 52.Rb2 Rxg5 53.Rxe8+ {#r} 1-0

[Event "72nd ch-AZE 2017"]
[Site "Baku AZE"]
[Date "2017.03.07"]
[Round "1.8"]
[White "Aliyev,Ravan"]
[Black "Sevdimaliev,U"]
[Result "0-1"]
[WhiteElo "2261"]
[BlackElo "2376"]

1.d4 d5 2.c4 dxc4 3.Nf3 Nf6 4.e3 e6 5.Bxc4 c5 6.O-O a6 7.a4 Nc6 8.Qe2 cxd4
9.Rd1 Be7 10.exd4 O-O 11.Nc3 Nb4 12.Ne5 Bd7 13.Bb3 Rc8 14.Qf3 Bc6 15.Nxc6 Rxc6
16.Bf4 Qa5 17.Re1 Rd8 18.Rad1 Nbd5 19.Re5 Rb6 20.Nxd5 Nxd5 21.Bd2 Bb4 22.Bxd5
Rxd5 23.Bxb4 Rxb4 24.Qc3 g6 25.Rxd5 exd5 26.b3 Qb6 27.Qc8+ Kg7 28.Qe8 Qe6
29.Qxe6 fxe6 30.Rd3 Kf6 31.f3 e5 32.dxe5+ Kxe5 33.Kf2 Rb6 34.Ke3 d4+ 35.Ke2
Rc6 36.Kd2 a5 37.Kd1 g5 38.g3 Kd5 39.Kd2 Rh6 40.Kc1 Rxh2 41.g4 Rf2 42.Kd1 b6
43.Ke1 Rc2 44.f4 gxf4 45.Rh3 Rc3 46.Rxh7 Rxb3 47.Rd7+ Kc5 48.Rf7 Re3+ 49.Kd2
f3 50.g5 Kc4 51.Rc7+ Kb4 52.Rc6 b5 53.axb5 Kxb5 54.Rf6 Kc4 55.Rc6+ Kd5 56.Ra6
Ke4 57.g6 Re2+ 58.Kd1 Rg2 59.Ke1 a4 60.Re6+ Kf5 61.Rd6 a3 62.Ra6 a2 63.g7 Rxg7
{#R} 0-1

[Event "72nd ch-AZE 2017"]
[Site "Baku AZE"]
[Date "2017.03.07"]
[Round "1.9"]
[White "Bashirli,Nail"]
[Black "Zeynalov,R"]
[Result "0-1"]
[WhiteElo "2369"]
[BlackElo "2237"]

1.e4 c5 2.Nf3 d6 3.Nc3 Nf6 4.d4 cxd4 5.Nxd4 g6 6.Be3 Bg7 7.f3 O-O 8.Qd2 Nc6
9.O-O-O d5 10.exd5 Nxd5 11.Nxc6 bxc6 12.Bd4 Bxd4 13.Qxd4 Qb6 14.Na4 Qa5 15.b3
Be6 16.Bc4 Rfd8 17.Qc5 Qc7 18.Bxd5 Qf4+ 19.Kb1 cxd5 20.Qxe7 Rac8 21.Nc5 Qb4
22.Qxa7 Rxc5 23.Rhe1 Ra5 24.Qd4 Qa3 25.Qb2 Rda8 26.Qxa3 Rxa3 27.Re2 Rxa2
28.Rd4 h5 29.h4 Kg7 30.Rb4 d4 31.Rxd4 Bxb3 32.g4 hxg4 33.fxg4 R2a4 34.Rxa4
Bxa4 35.h5 gxh5 36.gxh5 Rc8 37.Kb2 Rxc2+ 38.Rxc2 Bxc2 39.Kxc2 Kh6 40.Kd2 Kxh5
41.Ke2 Kg4 42.Kf2 Kf4 {#R} 0-1

[Event "72nd ch-AZE 2017"]
[Site "Baku AZE"]
[Date "2017.03.07"]
[Round "1.10"]
[White "Bayramov,Zaur"]
[Black "Guliev,L"]
[Result "1-0"]
[WhiteElo "2229"]
[BlackElo "2365"]

1.d4 Nf6 2.c4 e6 3.g3 Bb4+ 4.Bd2 c5 5.Bxb4 cxb4 6.Bg2 O-O 7.Nf3 d6 8.Nbd2 a5
9.O-O Re8 10.a3 Na6 11.e3 Bd7 12.Ng5 Bc6 13.Bxc6 bxc6 14.Qa4 Qb6 15.Nb3 h6
16.Nf3 Ne4 17.Qxa5 Qb7 18.Nbd2 Nf6 19.Qa4 e5 20.Qc2 e4 21.Nh4 Qd7 22.f4 bxa3
23.bxa3 d5 24.c5 Reb8 25.Rab1 Ng4 26.Ng2 Qd8 27.h3 Nf6 28.Rxb8 Nxb8 29.Qc3 Qc8
30.g4 Qa6 31.Rb1 Nbd7 32.Rb3 Qe2 33.Qc1 Ra4 34.Qe1 Qa6 35.Qc1 Ne8 36.Qb2 Nef6
37.Nb1 Ra5 38.Kf2 Kh7 39.Qe2 Qa8 40.g5 Ne8 41.Qh5 g6 42.Qxh6+ Kg8 43.f5 Nf8
44.f6 Ra7 45.Nf4 Rb7 46.Rxb7 Qxb7 47.Nc3 Qb2+ 48.Nce2 Qxa3 49.Qh4 Qa8 50.Qg4
Qd8 51.h4 Qd7 52.Qxd7 Nxd7 53.h5 gxh5 54.Kg3 Nc7 55.Kh4 Kh7 56.Kxh5 Nf8 57.Kg4
Nb5 58.Kf5 Na3 59.Nc3 Nc4 60.Ncxd5 cxd5 61.Nxd5 Na5 62.Ne7 Nc4 63.Kxe4 Ne6
64.g6+ fxg6 65.Kd5 Nxc5 66.dxc5 Nxe3+ 67.Ke6 Nc2 68.f7 Kg7 69.Nxg6 {#r} 1-0

[Event "72nd ch-AZE 2017"]
[Site "Baku AZE"]
[Date "2017.03.07"]
[Round "1.12"]
[White "Soyunlu,N"]
[Black "Agayev,N"]
[Result "0-1"]
[WhiteElo "2032"]
[BlackElo "2340"]

1.c4 c5 2.g3 Nf6 3.Bg2 e6 4.Nf3 Nc6 5.O-O d5 6.cxd5 exd5 7.d4 Be7 8.dxc5 Bxc5
9.Qc2 Bb6 10.Nc3 O-O 11.Bg5 Be6 12.e4 d4 13.Rfd1 h6 14.Bf4 Ng4 15.Na4 d3
16.Rxd3 Bxf2+ 17.Kh1 Nb4 18.Rxd8 Nxc2 19.Rxf8+ Rxf8 20.Rc1 Rc8 21.Nc3 Nb4
22.Bf1 Bb6 23.Kg2 Nf2 24.Ne1 Bh3+ 25.Kg1 Nfd3+ {#R} 0-1

[Event "Stockholm Chess Challenge"]
[Site "Stockholm SWE"]
[Date "2017.03.06"]
[Round "1.1"]
[White "Blomqvist,E"]
[Black "Mihajlov,Seb"]
[Result "1-0"]
[WhiteElo "2554"]
[BlackElo "2346"]

1.Nf3 Nf6 2.g3 g6 3.Bg2 Bg7 4.O-O O-O 5.d4 d6 6.b3 Bf5 7.Bb2 Qc8 8.c4 Bh3
9.Nc3 c5 10.d5 a6 11.a4 Qg4 12.Qd2 Nbd7 13.Bxh3 Qxh3 14.Ng5 Qh5 15.Kg2 h6
16.Nf3 Ne8 17.e4 e5 18.dxe6 fxe6 19.Ng1 g5 20.Rae1 Ne5 21.f4 gxf4 22.gxf4 Ng6
23.Kh1 Qg4 24.f5 exf5 25.exf5 Rxf5 26.Rxf5 Qxf5 27.Nd5 Bxb2 28.Qxb2 Ng7 29.Re7
Qxd5+ 30.cxd5 Nxe7 31.Ne2 Rf8 32.Ng3 Nef5 33.Qd2 Re8 34.Qf4 Rf8 35.Ne4 Ne8
36.a5 Kh7 37.h4 Rf7 38.h5 Kg7 39.Qg4+ Kh8 40.Qg6 Rf8 41.Kh2 {#r} 1-0

[Event "Stockholm Chess Challenge"]
[Site "Stockholm SWE"]
[Date "2017.03.06"]
[Round "1.3"]
[White "Maiorov,N1"]
[Black "Kenneskog,Theodor"]
[Result "1-0"]
[WhiteElo "2518"]
[BlackElo "2323"]

1.d4 Nf6 2.c4 g6 3.g3 Bg7 4.Bg2 d5 5.Nf3 dxc4 6.Na3 c3 7.bxc3 c5 8.O-O O-O
9.e3 Nc6 10.Qe2 Bf5 11.Rd1 Be4 12.Bb2 Qb6 13.Nc4 Qa6 14.Bf1 Na5 15.Nxa5 Qxa5
16.Nd2 Bc2 17.Rdc1 Ba4 18.Nb3 Bxb3 19.axb3 Qb6 20.Ba3 cxd4 21.cxd4 Qxb3
22.Bxe7 Rfe8 23.Bxf6 Bxf6 24.Qf3 Qe6 25.Rc7 Bd8 26.Bc4 Bxc7 27.Bxe6 fxe6
28.Qxb7 Bb6 29.Rc1 Rad8 30.Rc6 e5 31.Rf6 {#r} 1-0

[Event "Stockholm Chess Challenge"]
[Site "Stockholm SWE"]
[Date "2017.03.06"]
[Round "1.4"]
[White "Rakesh,Kumar Jena"]
[Black "Westerberg,J"]
[Result "0-1"]
[WhiteElo "2315"]
[BlackElo "2475"]

1.e4 b6 2.d4 Bb7 3.Nc3 e6 4.Nf3 Bb4 5.Bd3 Nf6 6.e5 Ne4 7.O-O Bxc3 8.bxc3 Nxc3
9.Qe1 Bxf3 10.gxf3 Nd5 11.c4 Ne7 12.Qe4 Nbc6 13.d5 Nb4 14.Bg5 Nxd3 15.d6 cxd6
16.exd6 f6 17.Bxf6 gxf6 18.dxe7 Kxe7 19.Qxd3 Qc7 20.Rad1 Rhg8+ 21.Kh1 Rg6
22.Rg1 Rag8 23.Rg3 d6 24.Rh3 h6 25.Rg3 f5 26.Qd4 Qc5 27.Qh4+ Kd7 28.Kg2 Qe5
29.c5 Qxc5 30.Qh5 f4 31.Rxg6 Qxh5 32.Rxg8 Qf7 33.Ra8 Kc6 34.Rc1+ Kb7 35.Rcc8
Qg6+ 36.Kh3 e5 37.Rab8+ Ka6 38.Re8 {#R} 0-1

[Event "Stockholm Chess Challenge"]
[Site "Stockholm SWE"]
[Date "2017.03.06"]
[Round "1.5"]
[White "Bajarani,U"]
[Black "Tuomainen,Felix"]
[Result "1-0"]
[WhiteElo "2466"]
[BlackElo "2297"]

1.d4 Nf6 2.c4 e6 3.g3 d5 4.Bg2 dxc4 5.Nf3 Be7 6.O-O O-O 7.Qc2 c6 8.Qxc4 b5
9.Qc2 Bb7 10.Nbd2 Nbd7 11.Nb3 Qb6 12.Ne1 e5 13.dxe5 Nxe5 14.Be3 Qc7 15.Bc5
Rfd8 16.Bxe7 Qxe7 17.Na5 Rac8 18.Nf3 Nxf3+ 19.Bxf3 Ba8 20.Rac1 Qb4 21.Nb3 Nd7
22.a3 Qe7 23.Na5 Ne5 24.Be4 h6 25.b4 Rd6 26.Rfd1 Rcd8 27.Rxd6 Qxd6 28.Qc3 Qe6
29.Nb3 Nc4 30.Nc5 Qe7 31.Bd3 Ne5 32.Bc2 Nd7 33.Qd3 Nf6 34.Qf3 Qe5 35.Rd1 Rxd1+
36.Bxd1 a5 37.Qd3 axb4 38.axb4 Qd5 39.Qb1 Qd8 40.Bb3 Nd5 41.Qf5 Qe8 42.e4 Nf6
43.Bc2 Nh7 44.h4 Nf8 45.Bb3 Qe7 46.Qc8 {#r} 1-0

[Event "Stockholm Chess Challenge"]
[Site "Stockholm SWE"]
[Date "2017.03.06"]
[Round "1.6"]
[White "Thorn,E"]
[Black "Hansen,Mads3"]
[Result "0-1"]
[WhiteElo "2284"]
[BlackElo "2446"]

1.Nf3 c5 2.c4 Nc6 3.Nc3 g6 4.g3 Bg7 5.Bg2 e6 6.O-O Nge7 7.a3 O-O 8.Rb1 d5
9.cxd5 exd5 10.d3 h6 11.Bf4 Be6 12.Na4 b6 13.b4 c4 14.dxc4 dxc4 15.b5 Na5
16.Be5 Bxe5 17.Nxe5 Rc8 18.Nc3 Qc7 19.Nf3 Rfd8 20.Qc1 Kh7 21.Qb2 Bg4 22.Rbd1
Bxf3 23.Bxf3 Qe5 24.Qb4 Nf5 25.Bg4 Rxd1 26.Rxd1 Rc5 27.e4 Nd4 28.f4 Qh8 29.e5
Nab3 30.Ne4 h5 31.Qc3 Qd8 32.Bf3 Rxb5 33.Nd6 Qc7 34.Rxd4 Nxd4 35.Qxd4 Rb1+
36.Kg2 c3 37.Ne8 Rb2+ 38.Kf1 Qc5 39.Nf6+ Kg7 40.Qxc5 bxc5 {#R} 0-1

[Event "Stockholm Chess Challenge"]
[Site "Stockholm SWE"]
[Date "2017.03.06"]
[Round "1.7"]
[White "Kaasen,Tor Fredrik"]
[Black "Risting,Eivind Olav"]
[Result "0-1"]
[WhiteElo "2442"]
[BlackElo "2283"]

1.e4 c6 2.d4 d5 3.exd5 cxd5 4.Bd3 Nc6 5.c3 Qc7 6.h3 e6 7.Nf3 Bd6 8.O-O h6
9.Re1 Nf6 10.Nbd2 O-O 11.Qe2 Nh5 12.g3 Bxg3 13.fxg3 Qxg3+ 14.Kh1 Nf4 15.Qf1 e5
16.Ne4 dxe4 17.Bxf4 exf4 18.Bxe4 Bxh3 19.Qe2 Bg4 20.Qg2 Bxf3 21.Bxf3 Qh4+
22.Kg1 Rfe8 23.Rxe8+ Rxe8 24.Bxc6 bxc6 25.Qxc6 Re6 26.Qf3 Rg6+ 27.Kf1 Qh2 {#R}
0-1

[Event "Stockholm Chess Challenge"]
[Site "Stockholm SWE"]
[Date "2017.03.06"]
[Round "1.8"]
[White "Pantzar,Milton"]
[Black "Hambleton,A"]
[Result "1-0"]
[WhiteElo "2257"]
[BlackElo "2441"]

1.d4 Nf6 2.c4 e6 3.Nc3 Bb4 4.e3 O-O 5.Ne2 c6 6.a3 Ba5 7.Ng3 d5 8.Qc2 Nbd7
9.Bd3 dxc4 10.Bxc4 e5 11.O-O exd4 12.exd4 Bc7 13.Ba2 Nb6 14.Bg5 h6 15.Bxf6
Qxf6 16.d5 Be5 17.Nce4 Qg6 18.dxc6 h5 19.Rad1 h4 20.f4 Bg4 21.Rd2 hxg3 22.fxe5
gxh2+ 23.Kh1 bxc6 24.Rxf7 Kh8 25.Rdf2 Rfe8 26.Qc1 Nd5 27.Ng5 Be6 28.Nxe6 Qxe6
29.Bxd5 cxd5 30.Qf4 Rad8 31.Rf3 Kg8 32.Rxa7 d4 33.Rxg7+ Kxg7 34.Rg3+ Kh7
35.Qe4+ {#r} 1-0

[Event "Stockholm Chess Challenge"]
[Site "Stockholm SWE"]
[Date "2017.03.06"]
[Round "1.9"]
[White "Lindgren,P"]
[Black "Baasansuren,Erdene"]
[Result "1-0"]
[WhiteElo "2421"]
[BlackElo "2221"]

1.d4 Nf6 2.c4 g6 3.Nf3 Bg7 4.Nc3 O-O 5.Bg5 c5 6.d5 d6 7.e3 e6 8.Nd2 h6 9.Bh4
exd5 10.cxd5 a6 11.a4 Re8 12.Be2 Nbd7 13.O-O Ne5 14.h3 Qc7 15.f4 Ned7 16.e4 c4
17.Qc2 Nc5 18.Bxc4 Nfxe4 19.Ncxe4 Nxe4 20.Nxe4 Bf5 21.Rae1 Rec8 22.Rc1 Qb6+
23.Bf2 Qb4 24.g4 Bd7 25.Qb3 {#r} 1-0

[Event "Stockholm Chess Challenge"]
[Site "Stockholm SWE"]
[Date "2017.03.06"]
[Round "1.10"]
[White "Pogosyan,Stefan"]
[Black "Hemant,S2"]
[Result "1-0"]
[WhiteElo "2215"]
[BlackElo "2399"]

1.d4 c5 2.d5 f5 3.c4 Nf6 4.Nc3 g6 5.g3 d6 6.Bg2 Bg7 7.Nf3 Na6 8.O-O O-O 9.Re1
Nc7 10.Qc2 Rb8 11.a4 h6 12.e4 g5 13.e5 dxe5 14.Nxe5 e6 15.f4 exd5 16.cxd5 Re8
17.Qb3 Qd6 18.Be3 Bd7 19.Rad1 b5 20.Nxd7 Nxd7 21.axb5 Rxe3 22.Rxe3 Bd4 23.Rd3
Nf6 24.Ne2 Rxb5 25.Qa3 Bxe3+ 26.Rxe3 Ng4 27.Rd3 Rb6 28.Qc3 Nb5 29.Qc4 Nd4
30.Nxd4 cxd4 31.Qxd4 Rb4 32.Qxa7 Rxb2 33.h3 Nf6 34.Qe3 Kf7 35.Rd2 Rb1+ 36.Kh2
gxf4 37.gxf4 Ne8 38.Re2 Ng7 39.Rc2 Rb6 40.Qe5 Qxe5 41.fxe5 Nh5 42.Bf3 Nf4
43.Rc7+ Kg6 44.Kg3 Nd3 45.Rc6+ Rxc6 46.dxc6 {#r} 1-0

[Event "Stockholm Chess Challenge"]
[Site "Stockholm SWE"]
[Date "2017.03.06"]
[Round "1.11"]
[White "Stefansson,Vignir Vatnar"]
[Black "Sorensen,Hampus"]
[Result "1-0"]
[WhiteElo "2353"]
[BlackElo "2192"]

1.d4 d5 2.Bf4 Nf6 3.e3 e6 4.c3 Bd6 5.Bg3 O-O 6.Nd2 b6 7.Bd3 Bb7 8.Ngf3 Ne4
9.Bh4 Be7 10.Bxe7 Qxe7 11.Qc2 f5 12.Ne5 Nxd2 13.Qxd2 Nd7 14.Nxd7 Qxd7 15.O-O
Qc8 16.Qe2 a5 17.f3 Ba6 18.e4 Bxd3 19.Qxd3 fxe4 20.fxe4 Qd7 21.Rae1 Rae8
22.Qe2 Rxf1+ 23.Kxf1 Kf8 24.Kg1 Re7 25.Qh5 g6 26.Qe5 Rf7 27.exd5 Qxd5 28.Qxe6
Qxe6 29.Rxe6 Rd7 30.Re5 Kf7 31.Kf2 Kf6 32.Ke3 Rd8 33.Ke4 Rd6 34.g4 h6 35.h4
Rd8 36.d5 Rd6 37.Re8 Kf7 38.Rh8 Kg7 39.Rc8 Rd7 40.Re8 Rf7 41.Ke5 Rf2 42.Re7+
Kf8 43.Rxc7 Rxb2 44.Kf6 Ke8 45.Kxg6 Rxa2 46.Kxh6 Rd2 47.g5 Rxd5 48.g6 Rd3
49.g7 Rg3 50.Rc8+ Kf7 51.Rf8+ {#r} 1-0

[Event "Stockholm Chess Challenge"]
[Site "Stockholm SWE"]
[Date "2017.03.06"]
[Round "1.12"]
[White "Sahil,Tic"]
[Black "Haubro,M"]
[Result "0-1"]
[WhiteElo "2180"]
[BlackElo "2347"]

1.d4 Nf6 2.Nc3 d5 3.Bg5 Nbd7 4.Qd3 c5 5.O-O-O c4 6.Qf3 Qa5 7.Kb1 e6 8.Bd2 Qc7
9.e4 dxe4 10.Nxe4 Nxe4 11.Qxe4 Nf6 12.Qh4 b5 13.Be2 Bb7 14.Bf3 Bd6 15.Ne2 O-O
16.Rhg1 b4 17.c3 a5 18.Bf4 Rab8 19.Ka1 Nd5 20.Bxd5 Bxd5 21.Bxd6 Qxd6 22.Rd2
Qa6 23.Rc1 Rb6 24.Qf4 Rfb8 25.f3 Qb7 26.Qe3 a4 27.cxb4 Rxb4 28.Rcc2 h6 29.h4
a3 30.Qxa3 Ra8 31.Qe3 Rxa2+ 32.Kxa2 c3+ 33.Kb1 cxd2 34.Qxd2 Bb3 35.Rc5 Ra4
36.Ra5 Ba2+ 37.Ka1 Rxa5 38.Qxa5 Bc4 39.Nc1 Bf1 40.Qd2 Qc7 41.Nd3 Qa7+ 42.Kb1
Qxd4 43.Kc2 Qc4+ 44.Qc3 Bxd3+ {#R} 0-1

[Event "FSGM March 2017"]
[Site "Budapest HUN"]
[Date "2017.03.06"]
[Round "3.1"]
[White "Colpe,M"]
[Black "Chekletsov,Ilya"]
[Result "1-0"]
[WhiteElo "2408"]
[BlackElo "2391"]

1.d4 Nf6 2.c4 e6 3.Nf3 b6 4.g3 Ba6 5.b3 Bb4+ 6.Bd2 Be7 7.Bg2 c6 8.Nc3 O-O 9.e4
d5 10.exd5 exd5 11.O-O dxc4 12.Re1 cxb3 13.Qxb3 Bc8 14.Rad1 Nd5 15.Ne5 Nxc3
16.Bxc3 Bb7 17.d5 cxd5 18.Bxd5 Bxd5 19.Rxd5 Qc7 20.Red1 Bf6 21.Bb4 Re8 22.Bd6
Qc8 23.Bxb8 Rxb8 24.Nxf7 Qe6 25.Nd6 Re7 26.Nf5 Ree8 27.h4 Kh8 28.h5 Be5 29.Qd3
Rf8 30.g4 Rbe8 31.Rd7 h6 32.Rxa7 Bf6 33.Qf3 Qc4 34.Nd6 Qe2 35.Qxe2 Rxe2 36.Nf5
Rc8 37.Ng3 Rb2 38.Ne4 Bh4 39.Rd2 Rxd2 40.Nxd2 Rf8 41.f3 Be1 42.Ne4 Rxf3
43.Ra8+ Kh7 44.g5 {#r} 1-0

[Event "FSGM March 2017"]
[Site "Budapest HUN"]
[Date "2017.03.06"]
[Round "3.2"]
[White "Petrov,N"]
[Black "Iniyan,P"]
[Result "1-0"]
[WhiteElo "2511"]
[BlackElo "2378"]

1.e4 c5 2.c3 d5 3.exd5 Qxd5 4.d4 Nc6 5.Nf3 Bg4 6.dxc5 Qxd1+ 7.Kxd1 e5 8.b4 a5
9.b5 Nd8 10.c6 bxc6 11.h3 Bxf3+ 12.gxf3 Bc5 13.Nd2 Nf6 14.bxc6 Nxc6 15.Bb5 Rc8
16.Nb3 O-O 17.Nxc5 Na7 18.Bd3 Rfd8 19.Kc2 Rxc5 20.Be3 Rc7 21.Bb6 Rxc3+ 22.Kxc3
Nd5+ 23.Kd2 Nxb6 24.Rhc1 Nd5 25.Ke1 Nf4 26.Ba6 Ne6 27.Rab1 Nd4 28.Rb6 Nxf3+
29.Kf1 e4 30.Be2 Ne5 31.Rc7 Nac6 32.Rbxc6 Nxc6 33.Rxc6 h6 34.Rc5 Rb8 35.Rxa5
Rb1+ 36.Kg2 Rb2 37.Bc4 e3 38.Rf5 e2 39.Re5 Rc2 40.Re8+ {#r} 1-0

[Event "FSGM March 2017"]
[Site "Budapest HUN"]
[Date "2017.03.06"]
[Round "3.4"]
[White "Manolache,M"]
[Black "Torma,R"]
[Result "0-1"]
[WhiteElo "2496"]
[BlackElo "2499"]

1.d4 Nf6 2.c4 e6 3.Nc3 Bb4 4.e3 O-O 5.Nf3 d5 6.a3 Bxc3+ 7.bxc3 c5 8.a4 Ne4
9.Ra3 b6 10.Bd3 Ba6 11.a5 Bxc4 12.axb6 Qxb6 13.Bxc4 dxc4 14.Ne5 Qb5 15.Qc2 Nd6
16.O-O Nc6 17.Nd7 Nxd4 18.Nf6+ gxf6 19.exd4 Kh8 20.Bf4 Qc6 21.Ra5 Rg8 22.f3
cxd4 23.cxd4 Nf5 24.Rc5 Qb6 25.Qxc4 Qb2 26.Rf2 Qxd4 27.Qxd4 Nxd4 28.Rc7 Kg7
29.Be3 Rgd8 30.Rb2 Nf5 31.Bxa7 Rd1+ 32.Kf2 Ra1 33.Rbb7 Nd6 34.Rb6 Ne8 35.Re7
R1xa7 36.Rbxe6 Rxe7 37.Rxe7 Nd6 38.Re2 f5 39.Kg3 Kf6 40.Kh3 Ra6 41.Rd2 Nc4
42.Rd4 Ne3 43.Rh4 Kg6 44.Rb4 Ra2 45.Rb8 Kg7 46.Re8 Nxg2 47.Kg3 f4+ 48.Kg4 Ra6
49.Re4 Rg6+ 50.Kf5 Rf6+ 51.Kg5 Ne3 52.h3 Rf5+ 53.Kh4 h5 {#R} 0-1

[Event "FSIM March 2017"]
[Site "Budapest HUN"]
[Date "2017.03.06"]
[Round "3.2"]
[White "Dencsi,T"]
[Black "Groetzbach,J"]
[Result "1-0"]
[WhiteElo "2314"]
[BlackElo "2234"]

1.c4 c6 2.e4 d5 3.cxd5 cxd5 4.exd5 Nf6 5.Qa4+ Nbd7 6.Nc3 g6 7.Nf3 Bg7 8.Bc4
O-O 9.d3 a6 10.Qa3 Nb6 11.Qb3 Bg4 12.Ne5 Bf5 13.O-O Qc7 14.Re1 Rac8 15.h3 Nh5
16.f4 g5 17.d6 exd6 18.Bxf7+ Kh8 19.Bxh5 dxe5 20.Be3 Nd7 21.fxg5 Nc5 22.Bxc5
Qxc5+ 23.Kh1 Bxd3 24.Ne4 Qc2 25.Qxc2 Rxc2 26.b3 Rd8 27.Rad1 Rd4 28.Bf3 h6
29.Re3 Bxe4 30.Rxd4 exd4 31.Rxe4 Rc1+ 32.Kh2 hxg5 33.Re8+ Kh7 34.Be4+ Kh6
35.Re6+ Kh5 36.g4+ Kh4 37.Re7 d3 38.Rxg7 Rc2+ 39.Bg2 {#r} 1-0

[Event "FSIM March 2017"]
[Site "Budapest HUN"]
[Date "2017.03.06"]
[Round "3.3"]
[White "Ilincic,Z"]
[Black "Karn,T"]
[Result "1-0"]
[WhiteElo "2397"]
[BlackElo "2131"]

1.d4 Nf6 2.c4 c5 3.d5 b5 4.Qc2 bxc4 5.e4 e6 6.Nc3 exd5 7.e5 d4 8.exf6 d3 9.Qa4
Qxf6 10.Qxc4 Qe7+ 11.Be3 d2+ 12.Kxd2 Qd6+ 13.Qd5 Bb7 14.Qxd6 Bxd6 15.Nb5 Ke7
16.Bg5+ f6 17.Re1+ Be5 18.Rxe5+ {#r} 1-0

[Event "FSIM March 2017"]
[Site "Budapest HUN"]
[Date "2017.03.06"]
[Round "3.5"]
[White "Lyell,M"]
[Black "Bach,Mat"]
[Result "1-0"]
[WhiteElo "2224"]
[BlackElo "2211"]

1.e4 d6 2.d4 Nd7 3.Nf3 a6 4.Bc4 e6 5.c3 Ne7 6.Nbd2 Ng6 7.h4 Be7 8.h5 Nh4
9.Nxh4 Bxh4 10.Nf3 Bf6 11.Qe2 b5 12.Bb3 Bb7 13.Bf4 h6 14.O-O-O Qe7 15.e5 Bg5
16.Nxg5 hxg5 17.exd6 cxd6 18.Bd2 d5 19.Qg4 f6 20.Rde1 Nf8 21.f4 gxf4 22.Bxf4
Rc8 23.Qg3 Kd7 24.Kb1 Bc6 25.Bc2 Re8 26.Bb8 Kc8 27.Bd6 Qd7 28.Rh4 Rd8 29.Bxf8
Rhxf8 30.Qh3 Rde8 31.h6 gxh6 32.Rxh6 Re7 33.Rh8 Qe8 34.Rxe6 Rxe6 35.Rxf8 Qxf8
36.Qxe6+ Kc7 37.a3 Qg7 38.Ka2 Qxg2 39.Bf5 Qf1 40.Qe7+ Kb6 41.Qd8+ Ka7 42.Bc2
Qe2 43.Qxf6 Kb7 44.Bb3 Qe4 45.Qd6 a5 46.Bd1 Qd3 47.Qe7+ Kb8 48.Qd8+ Kb7 49.Bb3
{#r} 1-0